Las independencias iberoamericanas en su laberinto. Controversias, cuestiones, interpretaciones.
Guardat en:
| Altres autors: | |
|---|---|
| Format: | Desconegut |
| Idioma: | espanyol |
| Publicat: |
Valencia, España:
Publicacions de la Universitat de València,
2010.
|
| Col·lecció: | Història.
|
| Matèries: | |
| Etiquetes: |
Afegir etiqueta
Sense etiquetes, Sigues el primer a etiquetar aquest registre!
|
MARC
| LEADER | 00000 a2200000 4500 | ||
|---|---|---|---|
| 003 | CL-VaPUC | ||
| 005 | 20250313084408.0 | ||
| 008 | 250122t2010 ||||| |||| 00| 0 spa d | ||
| 999 | |c 446633 |d 446631 | ||
| 020 | |a 978-84-370-7900-4 | ||
| 040 | |c Pontificia Universidad Católica de Valparaíso | ||
| 082 | |2 22 |a 980.02 CHU 2010 | ||
| 100 | |a Chust Calero, Manuel |9 895567 |e editor | ||
| 245 | |a Las independencias iberoamericanas en su laberinto. |b Controversias, cuestiones, interpretaciones. | ||
| 260 | |a Valencia, España: |b Publicacions de la Universitat de València, |c 2010. | ||
| 300 | |a 441 páginas. | ||
| 490 | |a Història. | ||
| 583 | |k Cristina María Rojas Aguilar |c 20250122 | ||
| 650 | 0 | |9 314498 |a Historiadores |v Entrevistas |x Independencia iberoamericana | |
| 651 | 0 | |9 329125 |a Iberoamérica |x Independencia |y Siglo 19 | |
| 651 | 0 | |9 255027 |a América Latina |v Historia |x Guerras de independencias |y 1806-1830 | |
| 942 | |2 ddc |c BK | ||
| 952 | |0 0 |1 0 |2 ddc |4 0 |6 980_020000000000000_CHU_2010 |7 0 |8 A |9 599572 |a BIBHIS |b BIBHIS |d 2025-01-20 |e 3 |g 38502.00 |i 5664536 |l 1 |o 980.02 CHU 2010 |p 5664536 |q 2025-05-02 |r 2025-04-02 |s 2025-04-02 |t 1 |v 38502.00 |w 2025-01-20 |y BK |k HIS | ||